书目信息 |
| 题名: |
希罗多德历史
|
|
| 作者: | 王以铸 , Xenophon 译 | |
| 分册: | 下册 | |
| 出版信息: | 北京 商务印书馆 1985 |
|
| 页数: | 346-720页 | |
| 开本: | 20cm | |
| 丛书名: | 汉译世界学术名著丛书 | |
| 单 册: | ||
| 中图分类: | K545.2 | |
| 科图分类: | ||
| 主题词: | 历史--古希腊 , 南欧--历史 | |
| 电子资源: | ||
| ISBN: | ||
| 000 | 00888nam2 2200313 45 | |
| 001 | 0185008423 | |
| 005 | 20061115105412.21 | |
| 010 | @dCNY2.30 | |
| 091 | @aCN@b11017.620 | |
| 100 | @a19901008d1985 km y0chiy0121 ea | |
| 101 | 1 | @achi@beng |
| 102 | @aCN@b110000 | |
| 105 | @ab z 000yy | |
| 200 | 10 | @a希罗多德历史@e希拉波斯战争史@Axi luo duo de li shi@f王以铸译@Fwang yi zhu yi@h下册 |
| 210 | @a北京@c商务印书馆@d1985 | |
| 215 | @a346-720页@d20cm@c地图 | |
| 225 | 2 | @a汉译世界学术名著丛书 |
| 410 | 0 | @120010@a汉译世界学术名著丛书 |
| 510 | 1 | @aAnabasis@zeng |
| 517 | 1 | @a希拉波斯战争史@Axi la bo si zhan zheng shi |
| 606 | @a历史@y古希腊 | |
| 606 | 0 | @a南欧@x历史 |
| 607 | @a古希腊@x历史 | |
| 690 | @aK545.2@v3 | |
| 701 | 1 | @a王以铸@Awang yi zhu@4译 |
| 701 | A1 | @aXenophon@4著 |
| 801 | 2 | @aCN@bNLC@c20061115 |
| 801 | 0 | @aCN@bTSSF |
| 905 | @a10447@dK545.2@e1:2 | |
| 希罗多德历史:希拉波斯战争史/王以铸译.下册.-北京:商务印书馆,1985 |
| 346-720页;20cm:地图.-(汉译世界学术名著丛书) |
| ISBN :CNY2.30 |
| ● |
| 相关链接 |
|
|
|
|
正题名:希罗多德历史
索取号:K545.2/1:2
 
预约/预借
| 序号 | 登录号 | 条形码 | 馆藏地/架位号 | 状态 | 备注 |
| 1 | 0162485 | 001395555 | 第二样本阅览室/ [索取号:K545.2/1:2] | 在馆 |